| 000 | 00919nmc a2200313 a 4500 | ||
|---|---|---|---|
| 003 | AR-BaBNM | ||
| 005 | 20251128205002.0 | ||
| 008 | 301020s1995 ||||||||||||||000 | spa|| | ||
| 020 | _a950-581-123-3 | ||
| 040 | _cAR-BaBNM | ||
| 245 | 1 | 0 |
_aLos géneros radiofónicos _bantología |
| 260 |
_aBuenos Aires _bColihue _c1995 |
||
| 300 | 0 | _a203 p. | |
| 490 | 0 |
_aLeer y crear _vv. 123 |
|
| 500 | 0 | _aPropuestas de trabajo de Ana Torresi al final de cada texto | |
| 504 | _aBibliografía consultada en p. 203 | ||
| 650 | 4 | _aCOMPOSICION LITERARIA | |
| 650 | 4 | _aPERIODISMO | |
| 650 | 4 | _aACTIVIDADES DE LA CLASE | |
| 650 | 4 | _aPROGRAMAS RADIOFONICOS | |
| 650 | 4 | _aRADIO EDUCATIVA | |
| 650 | 4 | _aTECNOLOGIA EDUCATIVA | |
| 650 | 4 | _aENSENANZA POR MULTIMEDIOS | |
| 653 | 0 | _aENSENANZA DE LA LENGUA | |
| 700 | 1 |
_aAtorresi, Ana _ecompilador |
|
| 800 | 1 |
_aPetruzzi, Herminia _edirector |
|
| 942 | _cBK | ||
| 998 | _claura | ||
| 999 |
_c9583 _d9583 |
||